| 000 | 00837nam a2200253Ia 4500 | ||
|---|---|---|---|
| 001 | 21917 | ||
| 005 | 20260320113324.0 | ||
| 008 | 260320s9999||||xx |||||||||||||| ||und|| | ||
| 020 | _a9788429126174 | ||
| 041 | _aESP | ||
| 082 |
_a005.1 _bP28 V. 2 |
||
| 100 |
_aPatterson, David A., _eAUT |
||
| 245 | 0 |
_aEstructura y diseño de computadores : _binterficie circuitería/programación |
|
| 246 |
_a _5 _b |
||
| 260 |
_aBarcelona : _bReverté, _c2000 |
||
| 300 |
_axxxiii, Páginas 426-746 : _b _c25 cm. _e |
||
| 440 |
_a _n _v |
||
| 650 | _aGEN | ||
| 653 | _aCiencia de la computación; Programación; Diseño de computadoras | ||
| 654 | _aCCC | ||
| 700 |
_aHennessy, John L., _cAUT |
||
| 856 |
_uhttps://ieeexplore-ieee-org.ucsp.lookproxy.com/Xplore/home.jsp _zVéase además: Base de datos IEEE Xplore |
||
| 942 |
_cLIB _dJUS _fTRC _2ddc _n |
||
| 999 |
_c21917 _d21917 |
||